| 000 | 00342nam a2200133Ia 4500 | ||
|---|---|---|---|
| 008 | 210210b1979 xxu||||| |||| 00| 0 eng d | ||
| 082 | _a320 JOHF | ||
| 100 | _aJOHARI (J C). | ||
| 245 | _aFoundations of political science. | ||
| 260 |
_aDelhi _bVishal Publications _c1979 |
||
| 300 | _aviii,181 | ||
| 690 | _aPolitical Theory | ||
| 906 | _a036339 | ||
| 999 |
_c86746 _d86746 |
||